logo

Bir Sreshtho Munshi Abdur Rouf Library
Jhenaidah Cadet College

Conceptual physics / (Record no. 14279)

MARC details
000 -LEADER
fixed length control field 00902cam a2200301 a 4500
001 - CONTROL NUMBER
JCCL Control Number 14279
003 - CONTROL NUMBER IDENTIFIER
JCCL marc code BD-JhCC
005 - DATE AND TIME OF LATEST TRANSACTION
control field 20250226114232.0
008 - FIXED-LENGTH DATA ELEMENTS--GENERAL INFORMATION
fixed length control field 050511s2006 caua b 001 0 eng
020 ## - INTERNATIONAL STANDARD BOOK NUMBER
International Standard Book Number 0805393757
020 ## - INTERNATIONAL STANDARD BOOK NUMBER
International Standard Book Number 0805392130 (instructor)
020 ## - INTERNATIONAL STANDARD BOOK NUMBER
International Standard Book Number 0805391924 (high school)
035 ## - SYSTEM CONTROL NUMBER
system control number (BD-JhCC)14279
040 ## - CATALOGING SOURCE
Original cataloging agency DLC
Transcribing agency DLC
Modifying agency DLC
041 ## - LANGUAGE CODE
Language code of Book english
050 00 - LIBRARY OF CONGRESS CALL NUMBER
Classification number QC23.2
Item number .H488 2006
082 00 - DEWEY DECIMAL CLASSIFICATION NUMBER
Classification number 530
DDC Edition number 22
Author mark and Year PAU 2006
100 1# - MAIN ENTRY--PERSONAL NAME
Personal name Hewitt, Paul G.
245 10 - TITLE STATEMENT
Title Conceptual physics /
Statement of responsibility, etc Paul G. Hewitt.
250 ## - EDITION STATEMENT
Edition statement 10th ed.
260 ## - PUBLICATION, DISTRIBUTION, ETC. (IMPRINT)
Place of publication, distribution, etc San Francisco :
Name of publisher, distributor, etc Pearson Addison Wesley,
Date of publication, distribution, etc 2006.
300 ## - PHYSICAL DESCRIPTION
Pagination xix, 788 p. :
Other physical details ill. (some col.) ;
Dimensions 27 cm.
504 ## - BIBLIOGRAPHY, ETC. NOTE
Bibliography, etc Includes bibliographical references and index.
650 #0 - SUBJECT ADDED ENTRY--TOPICAL TERM
Topical term or geographic name as entry element Physics
Form subdivision Textbooks.
856 41 - ELECTRONIC LOCATION AND ACCESS
Materials specified Table of contents
Uniform Resource Identifier http://www.loc.gov/catdir/toc/ecip0512/2005013760.html
942 ## - ADDED ENTRY ELEMENTS (KOHA)
Source of classification or shelving scheme Dewey Decimal Classification
Koha item type Books
Holdings
Source of classification or shelving scheme Damaged status Not for loan Home library Current library Shelving location Date of accession Source of acquisition Total Checkouts Full call number Barcode Date last seen Copy number Method of acquisition Koha item type Currency
Dewey Decimal Classification     JCC Rouf Library JCC Rouf Library General Stacks   With the compliments of Shahriar Imtiaz Rahman,27/1483/K   530 PAU 2006 19883 02/26/2025 C-1 Gift/Donation Books BDT

JCC Library | Contacts | JCC Home

Last Update on 23 September 2017
Copyright @ 2017-2020 JCC Rouf Library
Rouf Library, Jhenidah Cadet College (JCC), Bangladesh